| 000 | 00509nam a22001817a 4500 | ||
|---|---|---|---|
| 005 | 20251108164335.0 | ||
| 008 | 250721s1985 xx 000 0 ara d | ||
| 082 | 1 | 4 | _a219.9/شلب |
| 100 | 1 | _aشلبي، محمود | |
| 245 | 1 | 0 | _aحياة الإمام الحسين / |
| 264 | 1 |
_aبيروت : _bدار الجيل، _c1985. |
|
| 300 | _a310ص. | ||
| 650 | 1 | 7 | _aالسيرة النبوية |
| 650 | 1 | 7 | _aالصحابة و التابعون |
| 650 | 1 | 7 | _aآل البيت |
| 942 |
_2ddc _cBK |
||
| 999 |
_c9745 _d9745 |
||